1651 1220 1897 1090 1161 1818 1317 1021 1814 1373 1302 1584 1273 1039 1333 1816 1233 1528 1249 1877 1256 1365 1000 1536 1115 1781 1926 1263 1527 1129 1487 1843 1981 1851 1990 1640 1420 1818 1391 1234 1262 1925 1381 1387 1491 1767 1462 1699 1980 1672 1275 1214 1317 1116 1386 1215 1366 1837 1328 1655 1741 1797 1031 1645 1044 1981 1630 1015 1227 1656 1482 1262 1010 1596 1323 1157 1673 1267 1450 1715 1230 1815 1890 1808 1962 1730 1334 1292 1090 1684 1139 1479 1797 1516 1660 1741 1926 1751 1385 BCNSPRNW ULIB Ver.6.0+V

เปลี่ยนเป็นภาษาไทย

Change to English
 แสดงรายละเอียดบรรณานุกรม
  กลับหน้าหลัก

Brief Record : Get Marc (ISO 2709) : E-mail record : QR code < ปิดหน้าต่าง
LEADER : 00000nam 2200000uu 4500
001    13399111322
003     ULIB
008    110622s||||||||th 000 0 tha d
020    9748791327
050 04 BF721^bก864อ 2544
100 0  เกียรติวรรณ อมาตยกุล
245 10 อยู่กับเด็กๆ /^cเกียรติวรรณ อมาตยกุล
250    พิมพ์ครั้งที่ 1
260    กรุงเทพฯ :^bที.พี.พริ้นท์,^c2544
300    94 หน้า :^bภาพประกอบ ;^c21 ซม
505 1  ไปวิ่งมินิมาราธอนกับเด็ก ๆ -- มรดกร้อยล้าน : นิสัยที่ดี -- ฉันคือใคร --ชีวิตที่ (ไม่) เป็นระบบ -- นิสัยคิดด้านบวก -- เรื่องของ EQ และ IQ
650  7 เด็ก^xการดูแล
650  7 ความฉลาดทางอารมณ์
945    ^p55^l0^i017089
995    ทศพร
999 ^a ใช้งานได้ทุกระบบ
รายการนี้ยังไม่มีแท็ก
คุณยังไม่ได้ล็อกอิน คุณสามารถมีกิจกรรมร่วมกับเว็บไซต์ได้ แต่ต้องล็อกอินก่อน ::
  ล็อกอิน

รายการสื่อสารสนเทศ

ลำดับที่ ประเภท เลขเรียก/บาร์โค้ด สถานที่ สถานะ
- ไม่พบข้อมูล -

รายการใกล้เคียง
    ผู้แต่ง [เกียรติวรรณ อมาตยกุล]

    หัวเรื่อง [เด็ก การดูแล]
    หัวเรื่อง [ความฉลาดทางอารมณ์]

BibComment


ยังไม่เคยถูกคอมเมนท์

คอมเมนท์ทรัพยากรรายการนี้
  คอมเมนท์: อยู่กับเด็กๆ เกี..


 Copyright 2026. Bcnsprnw @Library